Statistics for Least Guessed Flags

Click here to take the quiz!

General Stats

  • This quiz has been taken 98 times
    (22 since last reset)
  • The average score is 15 of 17

Answer Stats

Answer% Correct
Central African Republic
100%
Grenada
95%
Sierra Leone
95%
Suriname
95%
Vanuatu
95%
Benin
90%
Mauritius
90%
Solomon Islands
90%
St Kitts and Nevis
90%
St Vincent and the Grenadines
90%
Tuvalu
90%
Bolivia
86%
Equatorial Guinea
86%
Gambia
86%
Guinea
86%
Guinea-Bissau
86%
Sao Tome and Principe
81%

Score Distribution

Percentile by Number Answered

Percent of People with Each Score

Your Score History

You have not taken this quiz since the last reset